000 01384cam a2200373 i 4500
001 68875
003 Mx-PuUPA
005 20260428105653.0
008 250827s2001 mx a|||dr|||| 00| f spa d
020 _a9786074710366
020 _a9789687791760
_qde la colección El Barco de Vapor
040 _aMx-PuUPA
_bspa
_cMx-PuUPA
_dMx-PuUPA
_erda
041 0 _aspa
100 1 _aRoselló Soberón, Estela,
_d1973-
_94343
_eautor
245 1 3 _aEl secreto de la nana Jacinta /
_cEstela Roselló Soberón ; ilustraciones, Andrés Sánchez de Tagle
250 _aPrimera edición
264 1 _aCiudad de México :
_bSM de Ediciones,
_c2009
300 _a86 páginas :
_bilustraciones (en blanco y negro) ;
_c20 cm
336 _2rdacontent
_atexto
_btxt
337 _2rdamedia
_asin medio
_bn
338 _2rdacarrier
_avolumen
_bnc
490 1 _aEl barco de vapor. Roja ;
_v26 M
500 _aReimpresiones: (Novena, 2016).
521 1 _aA partir de 12 años.
650 7 _2armarc
_aNovela histórica mexicana
_ySiglo XVIII
650 7 _2armarc
_aEsclavitud
_xLiteratura infantil
650 7 _2armarc
_aLiteratura mexicana
700 1 _aSánchez de Tagle, Andrés,
_eilustrador
830 3 _aEl barco de vapor
_pRoja
_v26 M
942 _2ddc
_cLI
_h863
_iB2626
999 _c68875
_d68875